00674nas a2200229 4500001001300000003000900013005001700022007000300039008003400042040005400076041000900130072000800139100002500147100002300172100002000195245007700215650001000292650002100302650002500323650001700348773007900365BR2010000125BR-BrBNA20231205113812.0ta230509b bl.|||p| |||| 00| 00por d aBR-BrBNAbporcBiblioteca Nacional de Agricultura a(Pt) aF021 aOliveira, I.V. de M.1 aCavalcante, I.H.L.1 aMartins, A.B.G.1 aInfluência do substrato na emergência de plântulas de sapota preta aFRUTA aPLANTA EXÓTICA aSUBSTRATO DE CULTURA aEMERGÊNCIA0 tCaatinga (Brazil)xISSN 0100-316Xg(2007), v. 20(1) p. 54-63wBR2010000125